[Event "Chigorin Mem Open"]
[Site "St Petersburg RUS"]
[Date "2001.10.02"]
[Round "8"]
[White "Vaulin,A"]
[Black "Inarkiev,E"]
[Result "1-0"]
[WhiteElo "2548"]
[BlackElo "2491"]

1.d4 Nf6 2.Nf3 g6 3.c4 Bg7 4.g3 O-O 5.Bg2 d6 6.O-O Nc6 7.Nc3 Rb8 8.e3 a6
9.Qe2 e5 10.d5 Ne7 11.e4 c5 12.a4 Nd7 13.Kh1 b6 14.Bd2 Rb7 15.Rab1 h6 16.Nh4 Kh7
17.Bh3 Ng8 18.f3 Ndf6 19.Bxc8 Qxc8 20.Qg2 Ne7 21.f4 Nfg8 22.f5 Bf6 23.Qh3 Kg7
24.Nf3 gxf5 25.Qh5 fxe4 26.Nxe4 Qf5 27.Nxf6 Nxf6 28.Bxh6+ Kg8 29.Qxf5 Nxf5
30.Bxf8 Ng4 31.Nd2  1-0

[Event "Chigorin Mem Open"]
[Site "St Petersburg RUS"]
[Date "2001.10.02"]
[Round "8"]
[White "Ryzhov,I"]
[Black "Ayupov,D"]
[Result "1/2-1/2"]
[WhiteElo "2245"]
[BlackElo "2374"]

1.d4 Nf6 2.c4 g6 3.g3 Bg7 4.Bg2 O-O 5.Nf3 d6 6.O-O Nbd7 7.Nc3 e5 8.h3 c6
9.e4 Qb6 10.dxe5 dxe5 11.b3 Re8 12.Be3 Qc7 13.c5 b6 14.cxb6 axb6 15.Qc2 Ba6
16.Rfd1 Bf8 17.Bf1 Bxf1 18.Kxf1 Bc5 19.Bxc5 Nxc5 20.Rac1 Rac8 21.b4  1/2-1/2

[Event "FSIMB October"]
[Site "Budapest HUN"]
[Date "2001.10.09"]
[Round "4"]
[White "Banusz,T"]
[Black "Farago,S"]
[Result "0-1"]
[WhiteElo "2197"]
[BlackElo "2323"]

1.d4 Nf6 2.c4 d6 3.Nf3 g6 4.g3 Bg7 5.Bg2 O-O 6.O-O c6 7.Nc3 a6 8.e4 b5 9.e5 Ne8
10.Qe2 bxc4 11.Qxc4 d5 12.Qe2 a5 13.Re1 Nc7 14.b3 Nba6 15.Na4 Ne6 16.Ba3 Nb4
17.Qd2 Rb8 18.Rac1 Bd7 19.Bh3 Qc8 20.Bxe6 Bxe6 21.Rc5 Bf5 22.Bxb4 axb4 23.Rec1 Be4
24.Qe3 Qh3 25.Ne1 Bh6 26.f4 f6 27.e6 g5 28.R1c2 gxf4  0-1

[Event "FSGM October"]
[Site "Budapest HUN"]
[Date "2001.10.10"]
[Round "5"]
[White "Horvath,P1"]
[Black "Al Sayed,Mohamad"]
[Result "1-0"]
[WhiteElo "2441"]
[BlackElo "2374"]

1.d4 Nf6 2.Nf3 g6 3.c4 Bg7 4.g3 O-O 5.Bg2 d6 6.Nc3 Nc6 7.O-O a6 8.Bd2 e5
9.d5 Nd4 10.Ne1 Bd7 11.e3 Nf5 12.b4 c5 13.bxc5 dxc5 14.Nd3 Qc7 15.Rb1 Rab8
16.a4 Rfe8 17.e4 Nd6 18.Nb2 Nh5 19.Re1 b6 20.Rc1 Qd8 21.Be3 Rc8 22.Bf3 Nf6
23.Qb3 Ng4 24.Bd2 Qf6 25.Qd1 h5 26.h3 Nh6 27.Bg2 Kh7 28.Be3 Ng8 29.f4 h4
30.fxe5 Qxe5 31.Bf4 Qd4+ 32.Qxd4 cxd4 33.Nb1 Nb7 34.e5 hxg3 35.Nd2 Nc5 36.Nf3 Bh6
37.Bxh6 Nxh6 38.Nxd4 Nf5 39.Nxf5 Bxf5 40.Rc3 Nd7 41.Rce3 b5 42.axb5 axb5
43.cxb5 Rxe5 44.Rxe5 Nxe5 45.b6 Rc2 46.Nd1 Rc1 47.b7 Rb1 48.b8=Q Rxb8 49.Rxe5 Rb1
50.Re1 Kg7 51.Bf1 Kf6 52.Kg2 Bc2 53.Be2 Kg5 54.Kxg3 f5 55.Kf2 Rb3 56.Bf3 f4
57.Re5+ Kf6 58.Re6+ Kf5 59.Bg4+ Kg5 60.d6 Bf5 61.Re5 Rd3 62.Bxf5 gxf5 63.Re1 Rxd6
64.Kg2 Kh4 65.Nf2 Rg6+ 66.Kf3 Rc6 67.Kxf4 Rc2 68.Kf3 Rc3+ 69.Kg2 Rg3+ 70.Kh2 Rf3
71.Re2 Rc3 72.Rd2 Rc4 73.Rd8 Kg5 74.Kg3 Rc3+ 75.Rd3 Rc4 76.Rd8 Rc3+ 77.Nd3 Ra3
78.h4+ Kh5 79.Rd5 Kg6 80.Rd4 Kh5 81.Kh3 Rb3 82.Rd8 Ra3 83.Kg3 Rc3 84.Rd5 Kg6
85.Rd4 Kh5 86.Kg2 Ra3 87.Ne1 Re3 88.Nf3 Re4 89.Rd8 Kg4 90.Rg8+ Kf4 91.Ng1 Re6
92.Nh3+ Ke3 93.Rg3+ Kd4 94.Rd3+ Kxd3 95.Nf4+ Ke4 96.Nxe6 f4 97.Ng5+  1-0

[Event "TCh-RUS Siberian Zone"]
[Site "Omsk RUS"]
[Date "2001.10.12"]
[Round "8"]
[White "Arishin,S"]
[Black "Kabanov,N"]
[Result "0-1"]
[WhiteElo "2318"]
[BlackElo "2457"]

1.d4 Nf6 2.Nf3 g6 3.c4 Bg7 4.g3 O-O 5.Bg2 d6 6.O-O Nc6 7.Nc3 a6 8.b3 Rb8
9.Bb2 b5 10.cxb5 axb5 11.Rc1 b4 12.Nb1 Na7 13.Ne1 Nd7 14.Nd3 Ba6 15.Qd2 Bxd3
16.Qxd3 c5 17.Qd2 Nb5 18.dxc5 Bxb2 19.Qxb2 Nxc5 20.Rc4 Qa5 21.Qd2 Nc7 22.h4 d5
23.Rc2 Rfd8 24.Qg5 Rd7 25.Rfc1 N7e6 26.Qe5 Rbd8 27.Bh3 Rd6 28.Nd2 Qb6 29.Nf1 Ne4
30.e3 Nc3 31.Nh2 f6 32.Bxe6+ Rxe6 33.Qf4 d4 34.Rd2 dxe3 35.Rxd8+ Qxd8 36.Qc4 exf2+
37.Kf1 Qd6  0-1

[Event "6th Wichern Open"]
[Site "Hamburg GER"]
[Date "2001.10.16"]
[Round "4"]
[White "Rubene,I"]
[Black "Larsen,S"]
[Result "1/2-1/2"]
[WhiteElo "2189"]
[BlackElo "2312"]

1.d4 Nf6 2.Nf3 g6 3.c4 Bg7 4.g3 O-O 5.Bg2 d6 6.Nc3 Nc6 7.d5 Na5 8.Nd2 c5
9.a3 b6 10.Qc2 Nb7 11.O-O e5 12.dxe6 fxe6 13.e4 Ng4 14.h3 Ne5 15.f4 Nc6 16.Nf3 Nd4
17.Qd3 e5 18.Nd5 Na5 19.Nxd4 exd4 20.Bd2 Nc6 21.Rae1 Rb8 22.g4 Bd7 23.g5 a6
24.a4 b5 25.axb5 axb5 26.b3 bxc4 27.bxc4 Rb2 28.Rb1 Rxb1 29.Rxb1 Bc8 30.Rb6 Ne7
31.Qb3  1/2-1/2

[Event "TCh-SLO"]
[Site "Bled SLO"]
[Date "2001.10.18"]
[Round "1"]
[White "Mikhalchishin,A"]
[Black "Basagic,Z"]
[Result "1/2-1/2"]
[WhiteElo "2533"]
[BlackElo "2372"]

1.d4 Nf6 2.Nf3 g6 3.c4 Bg7 4.g3 O-O 5.Bg2 d6 6.O-O Nc6 7.Nc3 a6 8.e3 Rb8
9.Qe2 Bg4 10.h3 Bxf3 11.Bxf3 e6 12.b3 Re8 13.Bb2 d5 14.Rac1 Ne7 15.Na4 c6
16.Nc5 h5 17.b4 Nf5 18.b5 axb5 19.cxb5 cxb5 20.Qxb5 h4 21.g4 Nd6 22.Qe2 Ra8
23.Bc3 b6 24.Nd3 Nde4 25.Bb4 Nd7 26.Qc2  1/2-1/2

[Event "4th Golden Autumn"]
[Site "Alushta UKR"]
[Date "2001.10.20"]
[Round "?"]
[White "Itkis,B"]
[Black "Khudyakov,A"]
[Result "1-0"]
[WhiteElo "2472"]
[BlackElo "2238"]

1.d4 Nf6 2.Nf3 d6 3.c4 g6 4.g3 Bg7 5.Bg2 O-O 6.O-O c5 7.b3 Nc6 8.Bb2 Nxd4
9.Nxd4 cxd4 10.Qxd4 Qa5 11.Nc3 Nd5 12.Qxd5 Bxc3 13.Bxc3 Qxc3 14.Qg5 Re8 15.Rad1 Rb8
16.Rd3 Qb2 17.Qa5 Qxe2 18.Re3 Qh5 19.Qxa7 Bh3 20.Rxe7 Rxe7 21.Qxb8+ Kg7 22.Qxd6 Rd7
23.Qf4 g5 24.Qe5+ f6 25.Qc3 g4 26.Re1 Bxg2 27.Kxg2 Qf5 28.Qe3 h5 29.Qe4 Qg5
30.Qe8 Rf7 31.Re7 Rxe7 32.Qxe7+ Kh6 33.Qxb7 h4 34.gxh4 Qxh4 35.Qe4 Kg7 36.Qe3 Qh8
37.c5 Qa8+ 38.Kg3 Qxa2 39.Kxg4 Qc2 40.Kf4 Kf7 41.h3 Qh7 42.Kg3 Qg6+ 43.Kh2 Qc2
44.b4 Qc4 45.Qd2 Kg6 46.Kg2 Qe4+ 47.Kg3 Qe5+ 48.Qf4 Qd5 49.Kh2 Qc6 50.Qc4 f5
51.b5 Qf3 52.Qd4 Qb7 53.b6 Kg5 54.Qd6 Kh5 55.Kg1 Qe4 56.Kh2 f4 57.c6 Qf3
58.Qe5+ Kh6 59.Qb2 Qd5 60.b7  1-0

[Event "TCh-CZE 2001-2"]
[Site "CZE"]
[Date "2001.10.20"]
[Round "1"]
[White "Mozny,M"]
[Black "Fajman,P"]
[Result "1-0"]
[WhiteElo "2387"]
[BlackElo "2294"]

1.d4 Nf6 2.Nf3 g6 3.g3 Bg7 4.Bg2 O-O 5.c4 d6 6.O-O Nbd7 7.Nc3 e5 8.e4 exd4
9.Nxd4 Ne5 10.b3 Bd7 11.h3 Re8 12.Be3 Nc6 13.Nde2 a6 14.Rc1 Qb8 15.Qd2 b5
16.cxb5 axb5 17.f3 b4 18.Nd1 Ra6 19.Rc2 Re5 20.Nf2 Rea5 21.Nd3 Qa8 22.Ndc1 Qb8
23.Rd1 Be8 24.f4 h5 25.Bf2 Qc8 26.Nd3 Bf8 27.Nd4 Nxd4 28.Bxd4 Qe6 29.Nxb4  1-0

[Event "6th Wichern Open"]
[Site "Hamburg GER"]
[Date "2001.10.20"]
[Round "8"]
[White "Kopylov,M"]
[Black "Lindschau,E"]
[Result "1-0"]
[WhiteElo "2438"]
[BlackElo "2142"]

1.d4 Nf6 2.c4 g6 3.g3 Bg7 4.Bg2 O-O 5.Nf3 d6 6.O-O Nbd7 7.Nc3 e5 8.e4 exd4
9.Nxd4 Re8 10.Re1 Nc5 11.h3 h6 12.Rb1 a5 13.Ndb5 Bd7 14.Qc2 Bc6 15.Bf4 g5
16.Bd2 Qd7 17.Rbd1 Nh5 18.Be3 Ne6 19.Qe2 Bxc3 20.Nxc3 Nhg7 21.c5 Qe7 22.cxd6 cxd6
23.Qd2  1-0

[Event "TCh-CZE 2001-2"]
[Site "CZE"]
[Date "2001.10.21"]
[Round "2"]
[White "Mozny,M"]
[Black "Hausner,I"]
[Result "1/2-1/2"]
[WhiteElo "2387"]
[BlackElo "2431"]

1.d4 Nf6 2.Nf3 g6 3.g3 Bg7 4.Bg2 O-O 5.c4 d6 6.Nc3 Nbd7 7.O-O e5 8.dxe5 dxe5
9.Qc2 Re8 10.e4 c6 11.h3 Qe7 12.Be3 Qf8 13.Na4 Bh6 14.Ng5 Nh5 15.c5 Qe7 16.Nxf7 Bxe3
17.fxe3 Rf8 18.g4 Rxf7 19.Rxf7 Qxf7 20.gxh5 Nf6 21.Rf1 Qe7 22.hxg6 hxg6 23.b3 Be6
24.Nb2 Nd7 25.Nd3 Qg5 26.Rf3 Rf8 27.Qf2 Bxh3 28.Qg3 Qxg3 29.Rxg3 Be6 30.Rxg6+ Kf7
31.Rh6 Rg8 32.Kf2 Rg6 33.Rxg6 Kxg6 34.Kg3 a5 35.Bh3 Kf6 36.Bxe6 Kxe6 37.Kf3 Kf6
38.a3 Ke6 39.Ke2 Nf6 40.Nf2 Nd7 41.Nd3 Nf6 42.Nf2 Nd7 43.b4 axb4 44.axb4 b6
45.cxb6 Nxb6 46.Kd3 Kd6 47.Kc3 Nd7 48.Kb3 Kc7 49.Nd3 Kd6 50.Nb2 Nf6 51.Nc4+ Ke6
52.Nd2 Ng4 53.Kc4 Nxe3+ 54.Kc5 Kd7  1/2-1/2

[Event "WYG18"]
[Site "Oropesa del Mar ESP"]
[Date "2001.10.23"]
[Round "3"]
[White "Mamedjarova,Z"]
[Black "Meyer,Mar"]
[Result "0-1"]
[WhiteElo "2231"]
[BlackElo "2101"]

1.d4 Nf6 2.c4 g6 3.Nf3 Bg7 4.g3 O-O 5.Bg2 d6 6.O-O c6 7.Nc3 Nbd7 8.Qc2 e5
9.Rd1 Qb6 10.c5 dxc5 11.dxe5 Ng4 12.e6 fxe6 13.Bh3 Nde5 14.Bf4 Nxf3+ 15.exf3 e5
16.Bg5 Ne3 17.fxe3 Bxh3 18.g4 Rxf3 19.Qe4 Rff8 20.Qc4+ Kh8 21.Kh1 Qb4 22.Qxc5 Qxg4  0-1

[Event "XVII Moratalaz Open"]
[Site "Madrid ESP"]
[Date "2001.10.25"]
[Round "7"]
[White "Komljenovic,D"]
[Black "Horcajada Reales,G"]
[Result "1/2-1/2"]
[WhiteElo "2478"]
[BlackElo "2089"]

1.d4 Nf6 2.c4 g6 3.Nf3 Bg7 4.g3 O-O 5.Bg2 d6 6.O-O a6 7.Nc3 Nc6 8.Re1 Rb8
9.Rb1 Bf5 10.e4 Bg4 11.h3 Bxf3 12.Bxf3 e5 13.d5 Nd4 14.Bg2 a5 15.Ne2 Nd7
16.Be3 Nxe2+ 17.Qxe2 f5 18.Bd2 b6 19.exf5 gxf5 20.f4 Qf6 21.fxe5 Nxe5 22.b3 Rbe8
23.Qf1 Bh6 24.Bxh6 Qxh6 25.Rb2 Re7 26.Rf2 Rg7 27.Kh2 Rgf7 28.Bf3 Qf6 29.Qg2 Kh8
30.Rg1 f4 31.g4 h5 32.Qf1 Rg8 33.Qe2 hxg4 34.Bxg4 Nxg4+ 35.Rxg4 Rxg4 36.Qxg4  1/2-1/2

[Event "XVII Moratalaz Open"]
[Site "Madrid ESP"]
[Date "2001.10.25"]
[Round "7"]
[White "Garcia Cuenca,V"]
[Black "Jimenez Lopez,A"]
[Result "1-0"]
[WhiteElo "2193"]
[BlackElo "2070"]

1.d4 Nf6 2.c4 g6 3.Nf3 Bg7 4.g3 d6 5.Bg2 O-O 6.O-O Nbd7 7.Nc3 c5 8.b3 cxd4
9.Nxd4 Qa5 10.Bb2 Ne5 11.e4 Bd7 12.Nd5 Nxd5 13.exd5 Qb6 14.Qd2 e6 15.dxe6 fxe6
16.Kh1 Nf7 17.Rad1 Rad8 18.Bc3 Qc7 19.f4 e5 20.Ne2 Bc6 21.Bxc6 Qxc6+ 22.Qd5 Qxd5+
23.Rxd5 Nh6 24.Bb4 Nf5 25.fxe5 Bxe5 26.Rf3 Rf7 27.Rfd3 Rfd7 28.Rd2 b6 29.R5d3 Ne7
30.Nc3 Nc6 31.Ba3 Bxc3 32.Rxc3 Ne5 33.Re3 Nf7 34.Rd5 Kf8 35.Rf3 Kg8 36.h4 Re8
37.Rf2 Re5 38.Rd3 Re6 39.Rdf3 Ree7 40.Kg2 Kg7 41.g4 h6 42.Bb2+ Ne5 43.g5 h5
44.Rf6  1-0

[Event "Frauen Bundesliga 2001-2"]
[Site "GER"]
[Date "2001.10.27"]
[Round "1"]
[White "Muller,A"]
[Black "Sziva,E"]
[Result "0-1"]
[WhiteElo "2167"]
[BlackElo "2318"]

1.d4 Nf6 2.c4 g6 3.Nf3 Bg7 4.g3 d6 5.Bg2 O-O 6.O-O c5 7.Nc3 Nc6 8.d5 Na5
9.Nd2 e5 10.Qc2 Ng4 11.h3 Nh6 12.a3 b6 13.b4 Nb7 14.Bb2 Bd7 15.Rac1 Qe7 16.e3 Kh8
17.Kh2 f5 18.f4 g5 19.Rce1 e4 20.Ne2 Rg8 21.b5 a6 22.bxa6 Rxa6 23.Rb1 Rga8
24.Bxg7+ Qxg7 25.Qb2 g4 26.Qxg7+ Kxg7 27.Nc3 Rxa3 28.Rxb6 Bc8 29.Ndb1 R3a6
30.Rb2 Kf7 31.Nb5 Ra4 32.Rc1 Ke7 33.h4 Rb4 34.Rcc2 Raa4 35.Bf1 Bd7 36.N1a3 Nf7
37.Kg2 Na5 38.Rxb4 cxb4 39.Nb1 b3 40.Rb2 Ra2 41.Rf2 Bxb5 42.cxb5 Nd8 43.Be2 Ndb7
44.Bd1 Nc5 45.Nc3 Ra1 46.Rf1 Rc1  0-1

[Event "Chigorin Mem Open"]
[Site "St Petersburg RUS"]
[Date "2001.10.27"]
[Round "2"]
[White "Belov,Vl"]
[Black "Lukashok,A"]
[Result "1-0"]
[WhiteElo "2458"]
[BlackElo "2304"]

1.d4 Nf6 2.c4 g6 3.Nf3 Bg7 4.g3 O-O 5.Bg2 d6 6.O-O Nbd7 7.Nc3 e5 8.h3 Re8
9.e4 a5 10.Be3 exd4 11.Nxd4 Nc5 12.Qc2 Qe7 13.Rfe1 Bd7 14.f3 c6 15.Rad1 a4
16.Bf2 Nh5 17.f4 Rad8 18.Kh2 Bh8 19.Bf3 Ng7 20.f5 h5 21.g4 h4 22.Kg2 Rf8
23.Kg1 Ne8 24.Bg2 Be5 25.Nf3 g5 26.Nxe5 dxe5 27.Nxa4 Nxa4 28.Qxa4 Nc7 29.Qa5 Na6
30.Bb6 Ra8 31.Qd2 Bc8 32.a3 f6 33.b4 c5 34.Qd5+ Kg7 35.b5 Nc7 36.Qxc5  1-0

[Event "Chigorin Mem Open"]
[Site "St Petersburg RUS"]
[Date "2001.10.27"]
[Round "2"]
[White "Burmakin,V"]
[Black "Timagin,P"]
[Result "1-0"]
[WhiteElo "2586"]
[BlackElo "2297"]

1.d4 Nf6 2.Nf3 g6 3.c4 Bg7 4.g3 O-O 5.Bg2 d6 6.Nc3 Nc6 7.O-O Bf5 8.d5 Na5
9.Nd4 Bd7 10.b3 c5 11.Nc2 a6 12.Qd3 Rb8 13.Rb1 b5 14.Bd2 e6 15.dxe6 Bxe6
16.Ne3 Qd7 17.Ne4 Nc6 18.Nxf6+ Bxf6 19.Nd5 Bg7 20.Bc3 Bxc3 21.Qxc3 Bxd5 22.Bxd5 Nd4
23.Qd3 Qf5 24.Be4 Qe5 25.Rfe1 Rfe8 26.f3 bxc4 27.bxc4 f5 28.Bd5+ Kg7 29.e3 Ne6
30.f4 Qf6 31.Bc6 Red8 32.Bb7 Nc7 33.Rb6 Na8 34.Rb3 Nc7 35.Reb1 a5 36.Rb6 Qe7
37.Kf2 Kh6 38.Qd2 Ne8 39.Qxa5 Nf6 40.Bc6 Ra8 41.Bxa8 Ng4+ 42.Kg2 d5 43.R6b3 Qe4+
44.Kg1 Qf3 45.R1b2 Qd1+ 46.Kg2 dxc4 47.Bf3 Qa1 48.Qxd8 cxb3 49.Qf8+ Kh5 50.Bxg4+ fxg4
51.Qxc5+  1-0

[Event "Frauen Bundesliga 2001-2"]
[Site "GER"]
[Date "2001.10.28"]
[Round "2"]
[White "Kopulova,L"]
[Black "Werner,V"]
[Result "0-1"]
[WhiteElo "2220"]
[BlackElo "2268"]

1.d4 Nf6 2.Nf3 g6 3.g3 Bg7 4.Bg2 O-O 5.c4 d6 6.O-O a6 7.Nc3 Nc6 8.h3 Rb8
9.Be3 b5 10.Nd2 Bd7 11.Rc1 b4 12.Nce4 Qc8 13.Kh2 Nxe4 14.Nxe4 f5 15.Ng5 h6
16.Nf3 Kh7 17.b3 Qe8 18.Qd2 a5 19.Rfd1 Nd8 20.d5 c5 21.dxc6 Bxc6 22.c5 d5
23.Nd4 e6 24.f4 Qd7 25.Nf3 Bb5 26.Bd4 Nc6 27.Bxg7 Qxg7 28.Nd4 Nxd4 29.Qxd4 Qxd4
30.Rxd4 Rfc8 31.Rd2 Rc7 32.Kg1 a4 33.Kf2 Ra7 34.Ke3 axb3 35.axb3 Ra3 36.Rb2 Bc6
37.Kd4 Kg7 38.Ke5 Kf7 39.Bf3 Ke7 40.g4 Rf8 41.e3 g5 42.Bd1 Ra5 43.Rf2 d4
44.fxg5 dxe3 45.Rf4 hxg5 46.Rxb4 f4 47.Rb6 Rc8 48.b4 Ra3 49.Be2 Ra2 50.Bc4 Rd2
51.Ra6 Rc7 52.b5 Bd5 53.b6 Rxc5 54.Bd3 Bc4+ 55.Kd4 Bxa6 56.Kxc5 Rxd3 57.Kb4 Rd7
58.Ka5 Bb7 59.Re1 e5 60.Kb5 Rd5+ 61.Kb4 Rd4+ 62.Kb5 Rd5+ 63.Kb4 e4 64.Rc1  0-1

[Event "WYB14"]
[Site "Oropesa del Mar ESP"]
[Date "2001.10.29"]
[Round "8"]
[White "Amin,B"]
[Black "Sengupta,D"]
[Result "0-1"]
[WhiteElo "2192"]
[BlackElo "2287"]

1.d4 Nf6 2.c4 g6 3.g3 Bg7 4.Bg2 d6 5.Nf3 O-O 6.O-O c6 7.Nc3 Nbd7 8.b3 Re8
9.Bb2 e5 10.e3 Qc7 11.b4 Nb6 12.Nd2 Be6 13.Qb3 exd4 14.exd4 Rac8 15.d5 cxd5
16.cxd5 Nfxd5 17.Nxd5 Bxd5 18.Bxd5 Bxb2 19.Bxf7+ Qxf7 20.Qxb2 Re2 21.Qd4 Rc2
22.Ne4 Rc4 23.Nf6+ Kh8 24.Qxd6 Re6 25.Qd8+ Kg7  0-1

[Event "Chigorin Mem Open"]
[Site "St Petersburg RUS"]
[Date "2001.10.30"]
[Round "5"]
[White "Chistjakova,E"]
[Black "Rogovoi,M"]
[Result "1/2-1/2"]
[WhiteElo "2074"]
[BlackElo "2208"]

1.d4 Nf6 2.c4 g6 3.Nf3 Bg7 4.g3 O-O 5.Bg2 d6 6.O-O Nbd7 7.Nc3 e5 8.dxe5 dxe5
9.Qc2 c6 10.e3 Re8 11.b3 Qe7 12.Bb2 e4 13.Nd2 Nc5 14.Ba3 Qe5 15.b4 Ng4 16.bxc5 Qxc3
17.Qxc3 Bxc3 18.Nxe4 Bxa1 19.Rxa1 f5 20.Nd6 Re7 21.Rb1 Nf6 22.Bb2 Ne8 23.Bc3 Nxd6
24.cxd6 Rf7 25.c5 Be6 26.a3 Rc8 27.Ba5 Bd5 28.Bc7 Bxg2 29.Kxg2 Rcxc7 30.dxc7 Rxc7
31.Rd1 Kf7 32.Kf3 Ke7 33.Kf4 Rd7 34.Rb1 Kf6 35.h4 h6 36.Rb4 g5+ 37.hxg5+ hxg5+
38.Kf3 Ke5 39.Ke2 g4 40.f3 gxf3+ 41.Kxf3 Rf7 42.Rf4 b6 43.cxb6 axb6 44.a4 c5
45.Ke2 Rg7 46.Kf3 Rg8 47.e4 fxe4+ 48.Rxe4+ Kd5 49.g4 c4 50.Rf4 Ra8 51.Rf6 Kc5
52.Rf5+ Kd4 53.Rb5 Rf8+ 54.Ke2 Re8+ 55.Kd2 c3+ 56.Kc1 Kd3 57.Rd5+ Kc4 58.Rb5 Re1+
59.Kc2 Re2+ 60.Kc1 Re6 61.Kc2 Re2+ 62.Kc1 Re6  1/2-1/2

[Event "Chigorin Mem Open"]
[Site "St Petersburg RUS"]
[Date "2001.10.30"]
[Round "5"]
[White "Skatchkov,P"]
[Black "Loginov,Va"]
[Result "1/2-1/2"]
[WhiteElo "2454"]
[BlackElo "2513"]

1.d4 Nf6 2.Nf3 g6 3.g3 Bg7 4.Bg2 O-O 5.c4 d6 6.O-O c6 7.Nc3 Bf5 8.b3 Ne4
9.Bb2 Na6 10.Nh4 Nxc3 11.Bxc3 Bg4 12.h3 Be6 13.Qd2 d5 14.cxd5 cxd5 15.Nf3 Rc8
16.Kh2 Qd6 17.Ne5 h5 18.h4 Rc7 19.Rfc1 Rfc8 20.Bb2 Qb4 21.Qe3 Qd6 22.Rxc7 Rxc7
23.Rc1 Kh7 24.Rxc7 Nxc7 25.Qc1 Nb5 26.e3 Qb6 27.Nd3 Bf5 28.Nc5 e6 29.Bf1 Nd6
30.Kg1 Qd8  1/2-1/2

[Event "WYB16"]
[Site "Oropesa del Mar ESP"]
[Date "2001.11.01"]
[Round "10"]
[White "Mamedov,N"]
[Black "Porat,S"]
[Result "1-0"]
[WhiteElo "2405"]
[BlackElo "2365"]

1.d4 Nf6 2.c4 g6 3.Nf3 Bg7 4.g3 O-O 5.Bg2 d6 6.O-O Nbd7 7.Qc2 e5 8.Rd1 Qe7
9.Nc3 c6 10.e4 a5 11.b3 exd4 12.Nxd4 Nc5 13.f3 Bd7 14.Be3 h6 15.Qd2 Kh7 16.Nde2 d5
17.cxd5 cxd5 18.e5 Ng8 19.Qxd5 Rfc8 20.Bxc5 Rxc5 21.Qxd7 Qxe5 22.Ne4 Rc7
23.Qd3 Qxa1 24.Rxa1 Bxa1 25.h4 Nf6 26.Nxf6+ Bxf6 27.h5 Rd8 28.hxg6+ fxg6
29.Qb5 Rd2 30.Nf4 Bg5 31.Ne6 Be3+ 32.Kh2 Re7 33.Qe5  1-0

[Event "WYB18"]
[Site "Oropesa del Mar ESP"]
[Date "2001.11.01"]
[Round "10"]
[White "Gagunashvili,M"]
[Black "Paragua,M"]
[Result "1-0"]
[WhiteElo "2480"]
[BlackElo "2447"]

1.d4 Nf6 2.c4 g6 3.Nf3 Bg7 4.g3 O-O 5.Bg2 d6 6.Nc3 Nbd7 7.O-O e5 8.e4 exd4
9.Nxd4 a6 10.Rb1 Rb8 11.Re1 Re8 12.b3 Nc5 13.h3 Bd7 14.Bb2 b5 15.cxb5 axb5
16.b4 Na6 17.a3 c5 18.Nc2 Qc8 19.Kh2 Rd8 20.Ba1 Bc6 21.Qe2 Qb7 22.Rbd1 Rd7
23.Nd5 Bxd5 24.exd5 Rdd8 25.Qf3 Nd7 26.bxc5 Naxc5 27.Bxg7 Kxg7 28.Qc3+ Kg8
29.Nb4 Rdc8 30.Nc6 Ne5 31.Rxe5 Na4 32.Ne7+ Kf8 33.Qb4  1-0

[Event "EuTChw"]
[Site "Leon ESP"]
[Date "2001.11.06"]
[Round "1"]
[White "Medic,Mir"]
[Black "Kachiani,K"]
[Result "1/2-1/2"]
[WhiteElo "2278"]
[BlackElo "2455"]

1.d4 Nf6 2.c4 g6 3.Nf3 Bg7 4.g3 O-O 5.Bg2 d6 6.O-O Nc6 7.d5 Na5 8.Nfd2 c6
9.Nc3 cxd5 10.cxd5 e6 11.Nde4 Nxe4 12.Nxe4 e5 13.b3 b6 14.Bd2 h6 15.Rc1 f5
16.b4 Nb7 17.Nc3 Bd7 18.Qb3 Qe7 19.Rc2 Rfc8 20.Rfc1 a5 21.Na4 Rxc2 22.Rxc2 Qd8
23.Rc6 Kh7 24.Be3 axb4 25.Nxb6 Ra3 26.Qxb4 Rxa2 27.Nxd7 Ra1+  1/2-1/2

[Event "EuTChw"]
[Site "Leon ESP"]
[Date "2001.11.07"]
[Round "2"]
[White "Vuji,A"]
[Black "Quinn,De"]
[Result "1-0"]
[WhiteElo "2135"]
[BlackElo "2050"]

1.d4 Nf6 2.c4 g6 3.Nf3 Bg7 4.g3 O-O 5.Bg2 d6 6.Nc3 c5 7.O-O Na6 8.d5 Nc7
9.e4 Rb8 10.Qc2 Bd7 11.Bd2 a6 12.Rad1 b5 13.b3 Qc8 14.Rfe1 Ng4 15.Qc1 b4
16.Ne2 f5 17.Nf4 fxe4 18.Ng5 e3 19.Bxe3 Bc3 20.Re2 Bf5 21.h3 Nxe3 22.Rxe3 h6
23.Nge6 Nxe6 24.Nxe6 Rf6 25.Be4 Bxe6 26.dxe6 Rxe6 27.Bd5 Be5 28.Kh2 g5 29.Qc2 Kf8
30.Bxe6 Qxe6 31.Qe4 Qf7 32.Rf3 Bf6 33.Re1 Kg7 34.Qc6 Qe8 35.Qe4 Qd7 36.Qd5 Qb7
37.Qf5 Rc8 38.Qe4 Qxe4 39.Rxe4 Re8 40.h4 Kg6 41.Kh3 Rd8 42.hxg5 hxg5 43.Rd3 Kf5
44.Re2 Rh8+ 45.Kg2 Rd8 46.Rd5+ Kg6 47.Kf3 Rf8 48.Ke4 Be5 49.Rxe5 dxe5 50.Kd5 Kf6
51.Kxc5 Rb8 52.g4 a5 53.Kc6 a4 54.Kc7 Ra8 55.c5 axb3 56.axb3 Ra3 57.Re3 Ra2
58.f3 Rc2 59.c6 Rc3 60.Re4 Rxb3 61.Kb7 Rxf3 62.c7 Rc3 63.c8=Q Rxc8 64.Kxc8  1-0

[Event "ch-Balkan"]
[Site "Istanbul TUR"]
[Date "2001.11.22"]
[Round "6"]
[White "Laciner,K"]
[Black "Rama,L"]
[Result "1/2-1/2"]
[WhiteElo "2161"]
[BlackElo "2311"]

1.d4 Nf6 2.Nf3 g6 3.g3 Bg7 4.Bg2 O-O 5.c4 d6 6.Nc3 Nbd7 7.O-O e5 8.e4 c6
9.h3 exd4 10.Nxd4 Ne8 11.Be3 Qa5 12.Rc1 Qb4 13.b3 Nc5 14.Re1 a5 15.Nce2 Qa3
16.Rc2 Qb4 17.Bd2 Qb6 18.Bc3 Nf6 19.Nc1 Re8 20.Rce2 Qc7 21.Kh2 h5 22.f4 h4
23.g4 Nxg4+ 24.hxg4 Bxg4 25.Qd2 Bxe2 26.Rxe2 Bh6 27.Kh1 h3 28.Bf3 Qe7 29.Nc2 Ne6
30.Nd3 Qh4 31.Bb2 Nxf4 32.Qc3 Kh7 33.Nxf4 Qxf4 34.Rh2 Qxh2+ 35.Kxh2 Bf4+
36.Kxh3 Be5 37.Qd2 Bxb2 38.Ne3 Be5 39.Ng4 a4 40.Nxe5 dxe5 41.Qd7 Kg7 42.b4 Rad8
43.Qxb7 Rd3 44.Qxc6 Re6 45.Qxa4 Rxf3+ 46.Kg2 Ref6 47.Qc2 R3f4 48.Qe2 Rd6
49.b5 g5 50.c5 Rh6 51.c6 Rfh4 52.c7 Rh2+ 53.Kf1 Rh1+ 54.Kf2 Rc1 55.b6 Rxb6
56.Qd2 Rxc7 57.Qxg5+ Rg6 58.Qxe5+ Rf6+ 59.Ke3 Rc6 60.a4 Re6 61.Qb2 Kh7 62.Kd4 Rb6
63.Qc3 Rfc6 64.Qh3+  1/2-1/2

[Event "Friendship GM"]
[Site "Prerove CZE"]
[Date "2001.12.05"]
[Round "2"]
[White "Neverov,V"]
[Black "Antoniewski,R"]
[Result "1/2-1/2"]
[WhiteElo "2569"]
[BlackElo "2446"]

1.d4 Nf6 2.c4 g6 3.Nf3 Bg7 4.g3 O-O 5.Bg2 d6 6.O-O Nc6 7.Nc3 a6 8.h3 Bd7
9.e4 e5 10.d5 Nd4 11.Nxd4 exd4 12.Qxd4 Qc8 13.h4 Ng4 14.Qd1 Ne5 15.Qb3 b5
16.cxb5 axb5 17.Nxb5 Qb8 18.Na3 Qxb3 19.axb3 Nd3 20.Nc2 Rxa1 21.Nxa1 Bd4
22.Be3 Bxe3 23.fxe3 Ra8 24.Nc2 Ra2 25.Rb1 Kf8 26.Bf1  1/2-1/2

[Event "Admiralteiskii Women"]
[Site "St Petersburg RUS"]
[Date "2001.12.07"]
[Round "5"]
[White "Piarnpuu,L"]
[Black "Melamed,T"]
[Result "1/2-1/2"]
[WhiteElo "2214"]
[BlackElo "2291"]

1.Nf3 Nf6 2.c4 g6 3.d4 Bg7 4.g3 O-O 5.Bg2 d6 6.O-O c6 7.Nc3 Qa5 8.h3 Nbd7
9.e4 e5 10.Re1 exd4 11.Nxd4 Ne5 12.Bf1 Re8 13.Be3 c5 14.Nb3 Qb4 15.Bd2 Qb6
16.Nd5 Nxd5 17.exd5 Qd8 18.Bc3 f5  1/2-1/2

[Event "Friendship IM"]
[Site "Prerove CZE"]
[Date "2001.12.09"]
[Round "6"]
[White "Jurek,J"]
[Black "Molnar,Be"]
[Result "1-0"]
[WhiteElo "2362"]
[BlackElo "2363"]

1.Nf3 g6 2.d4 Bg7 3.c4 d6 4.g3 Nf6 5.Bg2 O-O 6.Nc3 Nc6 7.O-O a6 8.d5 Na5
9.Nd2 c5 10.Qc2 Rb8 11.b3 b5 12.Bb2 Bh6 13.f4 bxc4 14.bxc4 e5 15.dxe6 Bxe6
16.Nd5 Rxb2 17.Qxb2 Bg7 18.Qc1 Bxd5 19.cxd5 Ng4 20.Rb1 Ne3 21.Qa3 Re8 22.Bf3 Bd4
23.Kh1 h5 24.Rfc1 f5 25.Qa4 Kf8 26.Nb3 Nxb3 27.Rxb3 h4 28.gxh4 Ng4 29.Bxg4 fxg4
30.Rcb1 Qxh4 31.Qxe8+ Kxe8 32.Rb8+ Kf7 33.R1b7+ Qe7 34.Rxe7+ Kxe7 35.Kg2 a5
36.Rc8 Kf6 37.e4 g5 38.Kg3 gxf4+ 39.Kxg4 Ke5 40.Kf3 Bc3 41.h4 Kd4 42.h5  1-0

[Event "Christmas Open"]
[Site "Zadar CRO"]
[Date "2001.12.18"]
[Round "4"]
[White "Tisma,N"]
[Black "Kuljasevic,D"]
[Result "0-1"]
[WhiteElo "2153"]
[BlackElo "2298"]

1.d4 Nf6 2.Nf3 g6 3.g3 Bg7 4.Bg2 O-O 5.c4 d6 6.O-O Nbd7 7.Nc3 e5 8.e4 c6
9.h3 exd4 10.Nxd4 Qb6 11.Re1 Ne8 12.Nf3 Ne5 13.Nxe5 dxe5 14.b3 Qa5 15.Bd2 Qc7
16.c5 Bf6 17.Na4 Ng7 18.Bc3 Rd8 19.Qe2 Ne6 20.Rad1 Rxd1 21.Rxd1 b5 22.cxb6 axb6
23.Ra1 Ba6 24.Qc2 b5 25.Nb2 c5 26.Nd3 Bg7 27.a4 Rc8 28.Bb2 bxa4 29.bxa4 c4
30.Nb4 Bb7 31.Bc3 Nd4 32.Qb2 Ra8 33.Nd5 Bxd5 34.exd5 Rb8 35.Bb4 Bf8 36.Ba5 Qa7
37.Qxb8 Qxb8 38.Be1 Nc2 39.Rc1 Nxe1 40.Rxe1 c3 41.Be4 Bc5 42.Rb1 Qa7 43.Kf1 Qxa4
44.Rc1 Qxe4  0-1

[Event "XIV Carlos Torre"]
[Site "Merida MEX"]
[Date "2001.12.21"]
[Round "10"]
[White "Borges Mateos,J"]
[Black "Gonzalez,JC"]
[Result "1/2-1/2"]
[WhiteElo "2436"]
[BlackElo "2517"]

1.Nf3 Nf6 2.c4 g6 3.d4 Bg7 4.g3 O-O 5.Bg2 d6 6.Nc3 Nbd7 7.O-O a6 8.e4 c5
9.Re1 cxd4 10.Nxd4 Nc5 11.h3 Bd7 12.Be3 Qa5 13.Nb3  1/2-1/2

[Event "Christmas Open"]
[Site "Zurich SUI"]
[Date "2001.12.26"]
[Round "1"]
[White "Burmakin,V"]
[Black "Ramseier,Ja"]
[Result "1-0"]
[WhiteElo "2586"]
[BlackElo "2181"]

1.d4 g6 2.Nf3 Bg7 3.c4 d6 4.g3 Nf6 5.Bg2 O-O 6.O-O Bg4 7.Nc3 Bxf3 8.Bxf3 Nc6
9.Bg2 Nd7 10.Be3 e5 11.d5 Ne7 12.Qc1 f5 13.Bg5 Rf7 14.Rb1 a6 15.b4 e4 16.f3 exf3
17.exf3 Qf8 18.Ne2 h6 19.Be3 Kh7 20.Nf4 Ng8 21.Ne6 Qc8 22.g4 Nf8 23.gxf5 gxf5
24.Nxg7 Rxg7 25.Bd4 Rf7 26.Bb2 Ng6 27.Qc3 N8e7 28.f4 Qd7 29.Rbe1 Rg8 30.Rf3 Nc8
31.Rg3 Qd8 32.Qd4 Qh4 33.Rf1 Qd8 34.Kh1 Qd7 35.Bf3 Nce7 36.Rfg1 Rff8 37.Rh3 Qa4
38.Rg5  1-0